| 000 | 00560nam a2200205 a 4500 | ||
|---|---|---|---|
| 001 | 44753 | ||
| 003 | BD-RjUL | ||
| 005 | 20211209053919.0 | ||
| 008 | 160720b pk ||||| |||| 00| 0 eng d | ||
| 035 | _a(BD-RjUL)44871 | ||
| 040 |
_aBD-RjUL _beng _cBD-RjUL |
||
| 041 | _aeng | ||
| 082 |
_223 _a291 _bSAI |
||
| 100 |
_aSandeela, F.M _9137209 |
||
| 245 | 1 | 0 |
_aIslam, Christianity, Hinduism : _ba comparative study / _cF M Sandeela |
| 260 |
_aKarachi : _bAsraf Publication, |
||
| 300 |
_a[3], 179 p. ; _c18 cm. |
||
| 650 |
_aReligion _9137210 |
||
| 942 |
_2ddc _cBK |
||
| 999 |
_c44753 _d44753 |
||